[Event "21.Wörishofen-Seniorenen op"]
[Site "Bad Wörishofen (03.03.-11.03)"]
[Date "2005.03.04"]
[Round "2.60"]
[White "Frantzke, Helmut"]
[Black "Weber, Siegfried[27Fechh']"]
[Result "1-0"]
[WhiteElo "1774"]
[BlackElo "1554"]
[PlyCount "57"]
[EventDate "2005.03.??"]
[Source "Chessorg"]
[SourceDate "2005.12.10"]

1. Nf3 d6 2. e4 Nd7 3. g3 g6 4. Bg2 Bg7 5. O-O Ngf6 6. d3 O-O 7. Nbd2 c6 8. a4
Qc7 9. a5 b5 10. axb6 Nxb6 11. c3 Bb7 12. Nh4 e5 13. f4 exf4 14. gxf4 Bc8 15.
d4 Bg4 16. Qc2 Qd7 17. Qd3 Rae8 18. h3 Bh5 19. Nhf3 d5 20. e5 Ne4 21. Nxe4 dxe4
22. Qxe4 f5 23. Qc2 Rb8 24. Re1 Rfe8 25. Ng5 Qc7 26. Bd2 h6 27. Qb3+ Kh8 28.
Nf7+ Kh7 29. Nd6 1-0

[Event "21.Wörishofen-Seniorenen op"]
[Site "Bad Wörishofen (03.03.-11.03)"]
[Date "2005.03.04"]
[Round "2.61"]
[White "Salomon, Heide"]
[Black "Czeitschner, Roland"]
[Result "0-1"]
[WhiteElo "1523"]
[BlackElo "1766"]
[PlyCount "112"]
[EventDate "2005.03.??"]
[Source "Chessorg"]
[SourceDate "2005.12.10"]

1. e4 e5 2. d4 exd4 3. c3 d5 4. Qxd4 dxe4 5. Qxe4+ Qe7 6. Bd3 Nf6 7. Qe2 Nc6 8.
Be3 Nd5 9. Nd2 Nxe3 10. Qxe3 Qxe3+ 11. fxe3 Bc5 12. e4 O-O 13. O-O-O Ne5 14.
Ndf3 Ng4 15. Nh3 Ne3 16. Rd2 Nxg2 17. Rxg2 Bxh3 18. Rg3 Be6 19. b4 Be3+ 20. Kb2
Rad8 21. Bc2 Bf4 22. Rg2 Bh3 23. Rf2 Bg4 24. Nd4 Be3 25. Rff1 Bxd4 26. cxd4
Rxd4 27. Kc3 Rfd8 28. Rhg1 Be6 29. a3 Rc4+ 30. Kb2 Rd2 31. Rc1 Rxh2 32. Rgd1 g5
33. Kb1 Rc3 34. Rd3 Rxd3 35. Bxd3 c6 36. Rc5 h6 37. b5 cxb5 38. Rxb5 Rd2 39.
Bc2 b6 40. Kc1 Rf2 41. Rb4 g4 42. Rd4 g3 43. Rd8+ Kg7 44. Rd3 g2 45. Rg3+ Kf8
46. Kb2 h5 47. e5 Bf5 48. e6 Rxc2+ 49. Kb3 fxe6 50. Rg5 Rf2 51. Kc3 h4 52. Kd4
h3 53. Ke5 Kf7 54. a4 h2 55. a5 h1=Q 56. axb6 Qe1+ 0-1

[Event "21.Wörishofen-Seniorenen op"]
[Site "Bad Wörishofen (03.03.-11.03)"]
[Date "2005.03.04"]
[Round "2.62"]
[White "Schulte, Hans,Dr."]
[Black "Schielke, Klaus"]
[Result "0-1"]
[WhiteElo "1756"]
[BlackElo "1438"]
[PlyCount "80"]
[EventDate "2005.03.??"]
[Source "Chessorg"]
[SourceDate "2005.12.10"]

1. Nf3 d5 2. e3 Nf6 3. b3 g6 4. Bb2 Bg7 5. Bb5+ c6 6. Be2 O-O 7. O-O Re8 8. c4
Nbd7 9. cxd5 cxd5 10. d4 e6 11. Nc3 a6 12. Bd3 Nb6 13. Qe2 Bd7 14. Rfc1 Rc8 15.
a4 Bc6 16. Rc2 Ne4 17. Rac1 Nd7 18. b4 Ndf6 19. b5 axb5 20. axb5 Bd7 21. Ba3
Nxc3 22. Rxc3 Rxc3 23. Rxc3 Qa5 24. Qb2 Ne4 25. Rc1 Ra8 26. Bb4 Qa4 27. Be1 Bf8
28. Rc7 Bc8 29. Qc2 Qxc2 30. Rxc2 Nd6 31. Kf1 Kg7 32. Ke2 Be7 33. Ne5 f6 34.
Rc7 Kf8 35. Nd7+ Ke8 36. Nb6 Ra2+ 37. Kf3 Kd8 38. Rc1 Ra3 39. Nxc8 Nxc8 40. h4
Rxd3 0-1

[Event "21.Wörishofen-Seniorenen op"]
[Site "Bad Wörishofen (03.03.-11.03)"]
[Date "2005.03.04"]
[Round "2.63"]
[White "Lubberich, Alfred,Dr."]
[Black "Wohlfart, Karl-Heinz"]
[Result "1-0"]
[WhiteElo "1667"]
[BlackElo "1774"]
[PlyCount "71"]
[EventDate "2005.03.??"]
[Source "Chessorg"]
[SourceDate "2005.12.10"]

1. d4 Nf6 2. c4 g6 3. Nc3 Bg7 4. e4 d6 5. Nf3 O-O 6. Be2 Nbd7 7. O-O e5 8. Bg5
h6 9. Bh4 exd4 10. Nxd4 Re8 11. f3 Nf8 12. Rb1 a5 13. a3 g5 14. Bf2 Ng6 15. Re1
Nf4 16. Bf1 h5 17. Nde2 Ng6 18. Be3 Nd7 19. Qd2 f6 20. f4 Nxf4 21. Nxf4 gxf4
22. Bxf4 Ne5 23. Qf2 Be6 24. Nd5 Rf8 25. Qh4 c6 26. Ne3 Qe8 27. Nf5 Bxf5 28.
exf5 Qf7 29. Be2 Rad8 30. b3 a4 31. Bxh5 Qc7 32. Bg6 Rfe8 33. Qh7+ Kf8 34. Bh6
Nxg6 35. fxg6 axb3 36. Qh8# 1-0

[Event "21.Wörishofen-Seniorenen op"]
[Site "Bad Wörishofen (03.03.-11.03)"]
[Date "2005.03.04"]
[Round "2.64"]
[White "Alefs, Heinz"]
[Black "Kahler, Kurt"]
[Result "1-0"]
[WhiteElo "1640"]
[BlackElo "1673"]
[PlyCount "55"]
[EventDate "2005.03.??"]
[Source "Chessorg"]
[SourceDate "2005.12.10"]

1. d4 f5 2. g3 e6 3. Bg2 Nf6 4. Nh3 Be7 5. Bf4 d6 6. c3 c6 7. Qb3 d5 8. Nd2 Bd6
9. Nf3 Qc7 10. O-O Nbd7 11. Nfg5 Nb6 12. Nf3 Nc4 13. Qc2 e5 14. dxe5 Nxe5 15.
Nd4 Qd7 16. Ng5 Ne4 17. Bh3 Nxg5 18. Bxg5 O-O 19. Rae1 Qf7 20. Bf4 h6 21. f3 g5
22. Bc1 Ng6 23. e4 f4 24. Bxc8 fxg3 25. Be6 gxh2+ 26. Kh1 Nh4 27. Bxf7+ Kxf7
28. e5 1-0

[Event "21.Wörishofen-Seniorenen op"]
[Site "Bad Wörishofen (03.03.-11.03)"]
[Date "2005.03.04"]
[Round "2.65"]
[White "Paulsen, Eckart"]
[Black "Wolf, Margot"]
[Result "1-0"]
[WhiteElo "1636"]
[BlackElo "1321"]
[PlyCount "63"]
[EventDate "2005.03.??"]
[Source "Chessorg"]
[SourceDate "2005.12.10"]

1. e4 c6 2. d4 d5 3. exd5 cxd5 4. c4 e6 5. Nc3 Nf6 6. Bg5 Nbd7 7. cxd5 exd5 8.
Nxd5 Qa5+ 9. Nc3 Qxg5 10. Nf3 Qa5 11. Bd3 Be7 12. O-O O-O 13. Re1 Bb4 14. Qb3
Bxc3 15. bxc3 b6 16. Re7 Bb7 17. Ne5 Nxe5 18. Rxe5 b5 19. Rxb5 Qd8 20. Rxb7 Rb8
21. Rxb8 Qxb8 22. Qxb8 Rxb8 23. Rb1 Rc8 24. c4 Kf8 25. f3 Re8 26. Kf2 Rd8 27.
d5 Rd6 28. Rb8+ Ne8 29. Ke3 Ra6 30. c5 Rxa2 31. Bb5 Rb2 32. Rxe8# 1-0

[Event "21.Wörishofen-Seniorenen op"]
[Site "Bad Wörishofen (03.03.-11.03)"]
[Date "2005.03.04"]
[Round "2.66"]
[White "Ludwig, Egbert"]
[Black "Lang, Hermann[35Merzig]"]
[Result "0-1"]
[WhiteElo "1098"]
[BlackElo "1717"]
[PlyCount "61"]
[EventDate "2005.03.??"]
[Source "Chessorg"]
[SourceDate "2005.12.10"]

1. d4 Nf6 2. Nf3 d5 3. c4 e6 4. g3 c6 5. Qc2 Be7 6. Bg2 O-O 7. O-O Nbd7 8. b3
b6 9. Nc3 Bb7 10. Bb2 Rc8 11. Rfd1 a6 12. e4 dxe4 13. Nxe4 Nxe4 14. Qxe4 Nf6
15. Qe2 Qc7 16. Rac1 c5 17. Qc2 cxd4 18. Bxd4 Rfd8 19. Qe2 Ne4 20. Ne1 Rxd4 21.
Rxd4 Nxf2 22. Bxb7 Qxb7 23. Qf3 Qxf3 24. Nxf3 Bc5 25. Kxf2 e5 26. Ke3 exd4+ 27.
Nxd4 Re8+ 28. Kd3 Rd8 29. Rd1 Rxd4+ 30. Ke2 Rxd1 31. Kxd1 0-1

[Event "21.Wörishofen-Seniorenen op"]
[Site "Bad Wörishofen (03.03.-11.03)"]
[Date "2005.03.04"]
[Round "2.67"]
[White "Blosze, Winfried"]
[Black "Lamberger, Werner[39AUT]"]
[Result "1-0"]
[WhiteElo "1688"]
[BlackElo "1169"]
[PlyCount "83"]
[EventDate "2005.03.??"]
[Source "Chessorg"]
[SourceDate "2005.12.10"]

1. e4 e5 2. Bc4 Nf6 3. Nf3 d5 4. exd5 Nxd5 5. Qe2 Qd6 6. Qxe5+ Qxe5+ 7. Nxe5
Be6 8. d4 Nd7 9. O-O Bd6 10. f4 c5 11. f5 Nxe5 12. dxe5 Bxe5 13. fxe6 fxe6 14.
Bb5+ Ke7 15. c3 h6 16. Na3 a6 17. Bd3 b5 18. Bg6 Nf6 19. Be3 Rac8 20. Bf4 Bxf4
21. Rxf4 Rhd8 22. Rf2 Rc6 23. Nc2 Rcd6 24. Re1 Kd7 25. Rfe2 Nd5 26. a3 Rf8 27.
Rf1 Rxf1+ 28. Kxf1 Ne7 29. Be4 Ng8 30. Ke1 Nf6 31. Bf3 Kc7 32. Rd2 e5 33. Rxd6
Kxd6 34. Ne3 g6 35. Bb7 a5 36. Ke2 e4 37. Bc8 Ke5 38. Ng4+ Nxg4 39. Bxg4 g5 40.
Ke3 b4 41. c4 a4 42. Bd7 1-0

[Event "21.Wörishofen-Seniorenen op"]
[Site "Bad Wörishofen (03.03.-11.03)"]
[Date "2005.03.04"]
[Round "2.68"]
[White "Nietsch, Horst"]
[Black "Schumacher, Horst[36Holtenau]"]
[Result "0-1"]
[WhiteElo "1905"]
[BlackElo "1723"]
[PlyCount "70"]
[EventDate "2005.03.??"]
[Source "Chessorg"]
[SourceDate "2005.12.10"]

1. e4 d5 2. exd5 Nf6 3. d4 Qxd5 4. Nc3 Qa5 5. Nf3 c6 6. Bd2 Qc7 7. Bc4 Bf5 8.
Ne5 e6 9. O-O Bb4 10. Bf4 Bd6 11. Re1 O-O 12. Bg3 Nbd7 13. a3 Rad8 14. Qe2 Nb6
15. Bb3 Nbd5 16. Nxd5 exd5 17. Bh4 Rde8 18. Bxf6 gxf6 19. Qf3 Bxe5 20. Qxf5
Bxh2+ 21. Kh1 Qf4 22. Qh3 Rxe1+ 23. Rxe1 Qxf2 24. Rb1 Bd6 25. Qg4+ Kh8 26. Rg1
Rg8 27. Qh3 f5 28. Qf3 Rg6 29. Qh3 Rg4 30. g3 Bxg3 31. Rf1 Qxd4 32. Kg2 Qe4+
33. Kg1 Be5+ 34. Kf2 Bd4+ 35. Qe3 Qxe3# 0-1

[Event "21.Wörishofen-Seniorenen op"]
[Site "Bad Wörishofen (03.03.-11.03)"]
[Date "2005.03.04"]
[Round "2.69"]
[White "Winkler, Karl-Heinz[32A'see]"]
[Black "Wolfram, Gisbert,Dr."]
[Result "0-1"]
[WhiteElo "1634"]
[BlackElo "1548"]
[PlyCount "58"]
[EventDate "2005.03.??"]
[Source "Chessorg"]
[SourceDate "2005.12.10"]

1. e4 c6 2. d4 d5 3. e5 Bf5 4. Nf3 e6 5. a3 c5 6. c3 Nc6 7. Be2 Be7 8. Qa4 Qb6
9. O-O Rc8 10. b4 cxd4 11. Nxd4 Bg6 12. Be3 Qd8 13. f4 Nh6 14. Nd2 O-O 15. g4
Nxd4 16. Bxd4 f6 17. Qxa7 fxe5 18. fxe5 Qd7 19. Qb6 Rxf1+ 20. Kxf1 Bd8 21. Qa7
Qf7+ 22. Kg2 Bg5 23. Rf1 Qe7 24. Nb3 Be4+ 25. Kg1 Rf8 26. Rxf8+ Qxf8 27. Qxb7
Kh8 28. Nc5 Qf4 29. Nxe6 Qc1+ 0-1

[Event "21.Wörishofen-Seniorenen op"]
[Site "Bad Wörishofen (03.03.-11.03)"]
[Date "2005.03.04"]
[Round "2.70"]
[White "Grimski, Wilfried"]
[Black "Schuller, Erhard"]
[Result "0-1"]
[WhiteElo "1257"]
[BlackElo "1639"]
[PlyCount "54"]
[EventDate "2005.03.??"]
[Source "Chessorg"]
[SourceDate "2005.12.10"]

1. c4 c5 2. Nc3 e6 3. Nf3 Nc6 4. e3 Nf6 5. g3 Be7 6. Bg2 O-O 7. d4 cxd4 8. exd4
d5 9. Ne5 Bb4 10. c5 Nxe5 11. dxe5 Nd7 12. O-O Bxc5 13. Bf4 a6 14. Ne2 b5 15.
Nd4 Qb6 16. Nb3 Be7 17. Re1 Bb7 18. Qd4 Qxd4 19. Nxd4 Rfc8 20. Rac1 h6 21. Bd2
Rxc1 22. Bxc1 Rc8 23. Kf1 Bb4 24. Bf4 Bxe1 25. Kxe1 Nc5 26. Kd2 Nd7 27. b3 g5
0-1

[Event "21.Wörishofen-Seniorenen op"]
[Site "Bad Wörishofen (03.03.-11.03)"]
[Date "2005.03.04"]
[Round "2.71"]
[White "Malik, Heinz[36G'weil]"]
[Black "Hennige, Anneliese"]
[Result "1-0"]
[WhiteElo "1528"]
[BlackElo "1034"]
[PlyCount "40"]
[EventDate "2005.03.??"]
[Source "Chessorg"]
[SourceDate "2005.12.10"]

1. d4 Nf6 2. c4 d5 3. Nc3 c6 4. cxd5 cxd5 5. Nf3 e6 6. Bg5 Be7 7. e3 h6 8. Bh4
O-O 9. Bd3 Nc6 10. Rc1 Qc7 11. O-O Ng4 12. Bg3 Bd6 13. Nb5 Qd7 14. Nxd6 e5 15.
dxe5 Ncxe5 16. Nxe5 Nxe5 17. Bxe5 Qe6 18. Bg3 Rd8 19. Rxc8 Raxc8 20. Nxc8 Rxc8
1-0

[Event "21.Wörishofen-Seniorenen op"]
[Site "Bad Wörishofen (03.03.-11.03)"]
[Date "2005.03.04"]
[Round "2.72"]
[White "Auf'm Wasser, Guenter"]
[Black "Buchner, Matthias"]
[Result "1-0"]
[WhiteElo "1613"]
[BlackElo "1456"]
[PlyCount "27"]
[EventDate "2005.03.??"]
[Source "Chessorg"]
[SourceDate "2005.12.10"]

1. b3 e5 2. Bb2 d6 3. d4 Nd7 4. e4 Be7 5. Nf3 Ngf6 6. Nbd2 exd4 7. Nxd4 O-O 8.
Be2 a6 9. O-O b5 10. Qe1 Bb7 11. f3 g6 12. Qg3 Nh5 13. Nf5 Nxg3 14. Nh6# 1-0

[Event "21.Wörishofen-Seniorenen op"]
[Site "Bad Wörishofen (03.03.-11.03)"]
[Date "2005.03.04"]
[Round "2.73"]
[White "Erler, Klaus-Juergen"]
[Black "Bartlitz, Heinz"]
[Result "1-0"]
[WhiteElo "1569"]
[BlackElo "1567"]
[PlyCount "59"]
[EventDate "2005.03.??"]
[Source "Chessorg"]
[SourceDate "2005.12.10"]

1. c4 f5 2. Nf3 Nf6 3. Nc3 g6 4. b3 Bg7 5. Bb2 O-O 6. e3 d6 7. d4 Qe8 8. Be2 c6
9. d5 c5 10. O-O Na6 11. a3 Nc7 12. Qd2 Bd7 13. Rad1 Rb8 14. Bd3 b5 15. Qc2 Ng4
16. Rb1 bxc4 17. bxc4 Ne5 18. Nxe5 Bxe5 19. Ne2 Rxb2 20. Rxb2 Bxb2 21. Qxb2 Qb8
22. Rb1 Na6 23. Qb7 Qc8 24. h3 Qxb7 25. Rxb7 Nb8 26. Rxa7 Kf7 27. Bc2 Kf6 28.
Nc3 Be8 29. Ra8 Kf7 30. Rxb8 1-0

[Event "21.Wörishofen-Seniorenen op"]
[Site "Bad Wörishofen (03.03.-11.03)"]
[Date "2005.03.04"]
[Round "2.74"]
[White "Gestrich, Wolfgang,Prof.Dr."]
[Black "Malik, Rosemarie"]
[Result "1/2-1/2"]
[WhiteElo "1442"]
[BlackElo "1335"]
[PlyCount "61"]
[EventDate "2005.03.??"]
[Source "Chessorg"]
[SourceDate "2005.12.10"]

1. c4 c5 2. Nc3 Nc6 3. g3 g6 4. Bg2 Bg7 5. e4 e5 6. Nge2 Nf6 7. O-O d6 8. h3
O-O 9. d3 b6 10. a3 Bb7 11. Rb1 Rb8 12. b4 cxb4 13. axb4 Qc7 14. Be3 Rfd8 15.
Nb5 Qe7 16. Nbc3 Qd7 17. b5 Ne7 18. Ra1 Ra8 19. Ra4 Bc8 20. Kh2 Qc7 21. Qd2 Be6
22. Rfa1 Rdb8 23. Qa2 Rb7 24. Ra6 Nc8 25. f4 Bd7 26. g4 Bxg4 27. fxe5 dxe5 28.
Nd5 Nxd5 29. exd5 e4+ 30. Ng3 Bxa1 31. Qxa1 1/2-1/2

[Event "21.Wörishofen-Seniorenen op"]
[Site "Bad Wörishofen (03.03.-11.03)"]
[Date "2005.03.05"]
[Round "3.1"]
[White "Kraft, Hans"]
[Black "Goy, Udo"]
[Result "0-1"]
[WhiteElo "2052"]
[BlackElo "2163"]
[PlyCount "90"]
[EventDate "2005.03.??"]
[Source "Chessorg"]
[SourceDate "2005.12.10"]

1. e4 g6 2. d4 Bg7 3. Nf3 c6 4. c4 d6 5. Nc3 Nf6 6. Be2 O-O 7. O-O Nbd7 8. Be3
e5 9. dxe5 dxe5 10. Qd2 Qc7 11. h3 Re8 12. Ne1 Nf8 13. Rd1 Ne6 14. Nc2 Nf4 15.
Rfe1 Nxe2+ 16. Qxe2 Be6 17. b3 Nh5 18. Qd2 Bf8 19. Ne2 a5 20. a4 f5 21. exf5
gxf5 22. f4 Rad8 23. Qc1 exf4 24. Nxf4 Rxd1 25. Rxd1 Nxf4 26. Bxf4 Qb6+ 27. Kh2
Qxb3 28. Be5 h6 29. Nd4 Qxc4 30. Qf4 c5 31. Rc1 Qd3 32. Nb5 Bd7 33. Rc3 Qe4 34.
Qg3+ Kh7 35. Re3 Qc6 36. Rd3 Qe6 37. Nc7 Qf7 38. Nd5 Be7 39. Bd6 Bd8 40. Bxc5
Bc6 41. Nf4 Rg8 42. Qf2 Bg5 43. g3 Qc4 44. Rd4 Qc1 45. Nd5 f4 0-1

[Event "21.Wörishofen-Seniorenen op"]
[Site "Bad Wörishofen (03.03.-11.03)"]
[Date "2005.03.05"]
[Round "3.2"]
[White "Schumacher, Helmut[31Aachen]"]
[Black "Igney, Volkhard"]
[Result "0-1"]
[WhiteElo "2022"]
[BlackElo "2178"]
[PlyCount "58"]
[EventDate "2005.03.??"]
[Source "Chessorg"]
[SourceDate "2005.12.10"]

1. d4 d5 2. Nc3 Nf6 3. Bg5 Nbd7 4. Qd3 h6 5. Bf4 c6 6. Nf3 e6 7. e4 dxe4 8.
Nxe4 Nxe4 9. Qxe4 Qa5+ 10. c3 Be7 11. Bd3 Nf6 12. Qe2 O-O 13. O-O c5 14. dxc5
Qxc5 15. Rad1 Qa5 16. a3 Bd7 17. Ne5 Ba4 18. Rd2 Rfe8 19. Ng4 Nxg4 20. Qxg4 Kf8
21. b4 Qd5 22. Re1 Rad8 23. Re5 Qc6 24. c4 Rd4 25. b5 Qd7 26. Rd5 Rxf4 27. Qxf4
exd5 28. cxd5 Bxb5 29. Bf5 Bd6 0-1

[Event "21.Wörishofen-Seniorenen op"]
[Site "Bad Wörishofen (03.03.-11.03)"]
[Date "2005.03.05"]
[Round "3.3"]
[White "Villing, Dieter"]
[Black "Klempt, Guenter"]
[Result "1-0"]
[WhiteElo "2163"]
[BlackElo "1943"]
[PlyCount "64"]
[EventDate "2005.03.??"]
[Source "Chessorg"]
[SourceDate "2005.12.10"]

1. e4 c5 2. f4 Nc6 3. Nf3 d5 4. exd5 Qxd5 5. Nc3 Qd8 6. Bb5 Bd7 7. O-O Nf6 8.
d3 e6 9. Ne5 Rc8 10. Qf3 Be7 11. Nxd7 Qxd7 12. Be3 a6 13. Bxc6 Qxc6 14. Rae1
O-O 15. f5 Qxf3 16. Rxf3 exf5 17. Rxf5 Rfe8 18. Bg5 h6 19. Bh4 g5 20. Bg3 Nh5
21. Nd5 Ng7 22. Nxe7+ Rxe7 23. Rxe7 Nxf5 24. Rxb7 c4 25. Rb8 Rxb8 26. Bxb8 cxd3
27. cxd3 Kf8 28. Kf2 Ke7 29. g4 Nd4 30. Be5 Nc6 31. Bc3 Ke6 32. Ke3 f5 1-0

[Event "21.Wörishofen-Seniorenen op"]
[Site "Bad Wörishofen (03.03.-11.03)"]
[Date "2005.03.05"]
[Round "3.4"]
[White "Wild, Gerhard[33Ladenb]"]
[Black "Neese, Hans-Joachim"]
[Result "1/2-1/2"]
[WhiteElo "1870"]
[BlackElo "2100"]
[PlyCount "125"]
[EventDate "2005.03.??"]
[Source "Chessorg"]
[SourceDate "2005.12.10"]

1. d4 Nf6 2. Nf3 e6 3. c4 d5 4. Nc3 c6 5. e3 Nbd7 6. Bd3 dxc4 7. Bxc4 b5 8. Bd3
Be7 9. O-O Bb7 10. Re1 O-O 11. h3 b4 12. Na4 c5 13. b3 Rc8 14. Bb2 Qa5 15. e4
cxd4 16. Bxd4 e5 17. Bb2 Rfd8 18. Qe2 Bd6 19. Nd2 Qc7 20. Rac1 Qb8 21. Rxc8
Rxc8 22. Nc4 Bf8 23. Bc1 Bc6 24. Ncb2 g6 25. g3 Nh5 26. Kh2 Ng7 27. Be3 Ne6 28.
h4 h5 29. f3 Bg7 30. Rd1 Nd4 31. Bxd4 exd4 32. f4 Nf6 33. Nc4 Bd7 34. Rd2 Ng4+
35. Kg1 Re8 36. Nab2 Bc6 37. e5 Bf8 38. Be4 Bb5 39. Bd3 a6 40. Qe4 Qc7 41. Rc2
Qd8 42. Rd2 Nh6 43. Qf3 Bc5 44. Kf1 Qd7 45. Be4 Nf5 46. Kg2 Rd8 47. Kh2 Qe6 48.
Rd1 Nh6 49. Kg2 Bd7 50. Kf1 Kg7 51. Rd2 Qh3+ 52. Qg2 Qg4 53. Bf3 Qe6 54. Be4
Bb5 55. Qf3 Ng4 56. Kg2 f5 57. exf6+ Nxf6 58. Ne5 Nxe4 59. Qxe4 Qd5 60. Qxd5
Rxd5 61. Nbd3 Bd6 62. Rc2 Kf6 63. Kf3 1/2-1/2

[Event "21.Wörishofen-Seniorenen op"]
[Site "Bad Wörishofen (03.03.-11.03)"]
[Date "2005.03.05"]
[Round "3.5"]
[White "Bierwisch, Bernhard"]
[Black "Semmler, Guenter"]
[Result "1-0"]
[WhiteElo "2117"]
[BlackElo "1920"]
[PlyCount "99"]
[EventDate "2005.03.??"]
[Source "Chessorg"]
[SourceDate "2005.12.10"]

1. e4 d6 2. d4 Nf6 3. Nc3 e5 4. dxe5 dxe5 5. Qxd8+ Kxd8 6. Bg5 Be6 7. O-O-O+
Kc8 8. Bb5 c6 9. Ba4 Bc5 10. f3 Nbd7 11. Nge2 h6 12. Bh4 Be3+ 13. Kb1 Nc5 14.
Bb3 Bxb3 15. axb3 a5 16. Bxf6 gxf6 17. Ng3 Rg8 18. Nf5 Bd4 19. Ne7+ Kc7 20.
Nxg8 Rxg8 21. g3 Ne6 22. Ne2 Bc5 23. Rd3 h5 24. Rhd1 Rg7 25. f4 Kb6 26. f5 Ng5
27. Nc3 Ka6 28. h4 Nh3 29. Rf1 Nf2 30. Rd2 Ng4 31. Rf3 b5 32. Ne2 Nf2 33. Nc3
Ng4 34. Na2 b4 35. c3 Kb5 36. Kc2 Rg8 37. Nc1 Ne3+ 38. Kd3 Ng4 39. Re2 Rd8+ 40.
Kc2 Rg8 41. Nd3 Bb6 42. Kd2 Bg1 43. Rf1 Nh2 44. Rxg1 Nf3+ 45. Ke3 Nxg1 46. Rg2
Nh3 47. c4+ Kb6 48. Kf3 Rd8 49. Rd2 Nf4 50. gxf4 1-0

[Event "21.Wörishofen-Seniorenen op"]
[Site "Bad Wörishofen (03.03.-11.03)"]
[Date "2005.03.05"]
[Round "3.6"]
[White "Mentel, Juergen,Dr."]
[Black "Schmid, Hermann[39Peiting]"]
[Result "1-0"]
[WhiteElo "1963"]
[BlackElo "2055"]
[PlyCount "128"]
[EventDate "2005.03.??"]
[Source "Chessorg"]
[SourceDate "2005.12.10"]

1. e4 c6 2. c4 d5 3. cxd5 cxd5 4. exd5 Nf6 5. Qa4+ Bd7 6. Qb3 Na6 7. d4 Qb6 8.
Bc4 Qxb3 9. Bxb3 g6 10. Nf3 Bg7 11. O-O O-O 12. Re1 Rfe8 13. Bd2 Rac8 14. Ne5
Kf8 15. Nc3 Red8 16. h3 Be8 17. Bf4 Nc7 18. d6 Rxd6 19. Rad1 Rdd8 20. Bg5 Nfd5
21. Nxd5 Nxd5 22. Nf3 Rc7 23. Rc1 Rxc1 24. Rxc1 f6 25. Bd2 Bc6 26. Re1 Rd7 27.
Bd1 Kf7 28. Be2 e6 29. b4 Nc7 30. Bc3 b6 31. a3 Bxf3 32. Bxf3 f5 33. Rd1 Nb5
34. Bb2 Bxd4 35. Kf1 Rd6 36. Bc1 Be5 37. Re1 Bf6 38. Bf4 Rd4 39. Be5 Rd3 40.
Be2 Rd5 41. Bc4 Nxa3 42. Bxd5 exd5 43. Rc1 Nc4 44. Bf4 a6 45. Ke2 Ke6 46. Rc2
a5 47. bxa5 bxa5 48. Ra2 Kd7 49. Kd3 h5 50. Kc2 g5 51. Bc1 g4 52. Kb3 Kc6 53.
Re2 Be5 54. f4 gxf3 55. gxf3 Kb5 56. Rg2 a4+ 57. Ka2 h4 58. Rg5 Nd6 59. Rg6 Bg3
60. Rf6 d4 61. f4 Kc6 62. Ka3 Kd7 63. Kxa4 Ke7 64. Rh6 Ne4 1-0

[Event "21.Wörishofen-Seniorenen op"]
[Site "Bad Wörishofen (03.03.-11.03)"]
[Date "2005.03.05"]
[Round "3.7"]
[White "Gehrmann, Rudolf-Rainer"]
[Black "Riedel, Lutz"]
[Result "0-1"]
[WhiteElo "2017"]
[BlackElo "2010"]
[PlyCount "74"]
[EventDate "2005.03.??"]
[Source "Chessorg"]
[SourceDate "2005.12.10"]

1. c4 c5 2. Nc3 Nc6 3. g3 g6 4. Bg2 Bg7 5. e3 d6 6. Nge2 Bd7 7. O-O Nf6 8. b3
O-O 9. Bb2 Rb8 10. d4 b6 11. Qd2 Qc8 12. Nd5 Nxd5 13. cxd5 Nd8 14. dxc5 bxc5
15. Bxg7 Kxg7 16. e4 Qa6 17. Rfe1 e5 18. dxe6 fxe6 19. Nc3 Rb6 20. e5 d5 21.
Ne4 Qc8 22. Rad1 Nf7 23. Nf6 Qc7 24. f4 Rd8 25. Qc3 Qc8 26. Rc1 Rc6 27. Nxd5
exd5 28. Bxd5 Be6 29. Bxc6 Qxc6 30. Qxc5 Qf3 31. Qf2 Qb7 32. Red1 Rf8 33. Qc5
Bh3 34. Rd2 Rc8 35. Qa3 Qb6+ 36. Rf2 Qe3 37. Rd1 Rc2 0-1

[Event "21.Wörishofen-Seniorenen op"]
[Site "Bad Wörishofen (03.03.-11.03)"]
[Date "2005.03.05"]
[Round "3.8"]
[White "Budt, Karl-Heinz"]
[Black "Bierbach, Utz-Friedrich"]
[Result "1-0"]
[WhiteElo "2002"]
[BlackElo "1745"]
[PlyCount "49"]
[EventDate "2005.03.??"]
[Source "Chessorg"]
[SourceDate "2005.12.10"]

1. d4 Nf6 2. Nf3 e6 3. c4 d5 4. Nc3 c6 5. e3 Nbd7 6. Qc2 Bd6 7. Bd2 a6 8. O-O-O
b5 9. c5 Bc7 10. Bd3 Qe7 11. e4 Bb7 12. e5 Ne4 13. Bxe4 dxe4 14. Nxe4 h6 15.
Ba5 Bxa5 16. Nd6+ Kf8 17. Nxb7 Bc7 18. Nd6 g6 19. h4 Kg7 20. Kb1 a5 21. g4 Rag8
22. g5 h5 23. Nd2 Ra8 24. N2e4 Rhf8 25. Rh3 1-0

[Event "21.Wörishofen-Seniorenen op"]
[Site "Bad Wörishofen (03.03.-11.03)"]
[Date "2005.03.05"]
[Round "3.9"]
[White "Kripp, Wolfgang"]
[Black "Reichwald, Klaus"]
[Result "1-0"]
[WhiteElo "2038"]
[BlackElo "1716"]
[PlyCount "55"]
[EventDate "2005.03.??"]
[Source "Chessorg"]
[SourceDate "2005.12.10"]

1. e4 d6 2. d4 Nf6 3. Nc3 g6 4. f4 Bg7 5. Nf3 O-O 6. Bd3 Nbd7 7. e5 Ne8 8. O-O
e6 9. Be3 d5 10. Ne2 b6 11. g4 c5 12. c3 c4 13. Bc2 f6 14. f5 fxe5 15. fxg6
hxg6 16. dxe5 Nxe5 17. Nxe5 Rxf1+ 18. Qxf1 Bxe5 19. Qh3 Qf6 20. Rf1 Qh8 21. Bh6
Bg7 22. g5 Nd6 23. Bxg6 Nf5 24. Bxf5 exf5 25. Qf3 Be6 26. Nf4 Bf7 27. Nxd5 Rf8
28. Ne7+ 1-0

[Event "21.Wörishofen-Seniorenen op"]
[Site "Bad Wörishofen (03.03.-11.03)"]
[Date "2005.03.05"]
[Round "3.10"]
[White "Schumacher, Horst[36Holtenau]"]
[Black "Wunderer, Eckart"]
[Result "0-1"]
[WhiteElo "1723"]
[BlackElo "2006"]
[PlyCount "54"]
[EventDate "2005.03.??"]
[Source "Chessorg"]
[SourceDate "2005.12.10"]

1. e4 Nc6 2. d4 e5 3. d5 Nce7 4. Nf3 Ng6 5. Be3 Nf6 6. Bd3 Be7 7. h3 d6 8. Qd2
O-O 9. Nc3 Nxe4 10. Nxe4 f5 11. O-O-O fxe4 12. Bxe4 Bf5 13. Bxf5 Rxf5 14. Nh2
c6 15. g4 Rf7 16. Rhf1 Nf4 17. Bxf4 Rxf4 18. dxc6 bxc6 19. Qe2 Qb6 20. Nf3 Raf8
21. Nxe5 dxe5 22. Qxe5 Bf6 23. Qe6+ Kh8 24. b3 Qa5 25. Qxc6 Qxa2 26. f3 Bg5 27.
Qc5 Rd4+ 0-1

[Event "21.Wörishofen-Seniorenen op"]
[Site "Bad Wörishofen (03.03.-11.03)"]
[Date "2005.03.05"]
[Round "3.11"]
[White "Hein, Manfred[36Gunzenh]"]
[Black "Fels, Karl-Heinz"]
[Result "1-0"]
[WhiteElo "2038"]
[BlackElo "1785"]
[PlyCount "117"]
[EventDate "2005.03.??"]
[Source "Chessorg"]
[SourceDate "2005.12.10"]

1. e4 e5 2. Nf3 Nc6 3. Bb5 a6 4. Bxc6 dxc6 5. d4 exd4 6. Qxd4 Qxd4 7. Nxd4 Bd7
8. Be3 O-O-O 9. Nd2 f6 10. O-O-O g5 11. h3 Bd6 12. Nc4 Ne7 13. g4 h5 14. f3 Ng6
15. Nf5 Bf4 16. Bxf4 Nxf4 17. Ng3 hxg4 18. hxg4 Rh4 19. b3 Rdh8 20. Kb2 Be6 21.
Ne3 Rxh1 22. Rxh1 Rxh1 23. Nxh1 Ne2 24. Nf1 Kd7 25. Nhg3 Ng1 26. Nd2 Kd6 27.
Kc3 Ke5 28. Nh5 b5 29. Kd3 c5 30. Ke3 Nh3 31. c4 b4 32. Nf1 Nf4 33. Nfg3 Bf7
34. Ng7 Bg6 35. Ne2 a5 36. Nxf4 gxf4+ 37. Kd3 Bf7 38. Nf5 Ke6 39. Ng7+ Ke5 40.
Nf5 Ke6 41. Nh4 Ke5 42. Ng2 Bg6 43. Ne1 Bf7 44. Kd2 Kd4 45. Nd3 Bxc4 46. bxc4
Kxc4 47. e5 fxe5 48. Nxe5+ Kd5 49. Nd3 c4 50. Nxf4+ Ke5 51. Ne2 a4 52. g5 c5
53. f4+ Kf5 54. a3 Kg6 55. Nc3 bxa3 56. Kc2 Kf5 57. Nxa4 a2 58. Kb2 c3+ 59.
Kxa2 1-0